Producción de pulpa química para la fabricación de papel a partir de cabuya
Zapisane w:
| 1. autor: | |
|---|---|
| Format: | Książka |
| Wydane: |
San José, Costa Rica
1988
|
| Hasła przedmiotowe: | |
| Etykiety: |
Dodaj etykietę
Nie ma etykietki, Dołącz pierwszą etykiete!
|
MARC
| LEADER | 00000nam a2200000Ia 4500 | ||
|---|---|---|---|
| 003 | 004728 | ||
| 005 | 20221231144338.0 | ||
| 008 | 140114s1988 cr a m 000 ||s d | ||
| 040 | |c cru CEDI | ||
| 090 | |a TFG 2194 | ||
| 100 | |a Gómez Marín, Manuel Alfredo |9 13269 | ||
| 245 | |a Producción de pulpa química para la fabricación de papel a partir de cabuya | ||
| 260 | |c 1988 |a San José, Costa Rica | ||
| 300 | |a vii, 91 hojas : ilustraciones ; 28 cm | ||
| 500 | |a Proyecto de graduación (licenciatura en ingeniería química)--Universidad de Costa Rica. Facultad de Ingeniería. Escuela de Ingeniería Química | ||
| 650 | |x PAPEL - INDUSTRIA Y COMERCIO |x CABUYA - INVESTIGACIONES |9 13270 | ||
| 942 | |c TFG | ||
| 999 | |c 20481 |d 20481 | ||
